Intervención educativa ambiental con sentido de transversalidad : un insumo ineludible.

Kaydedildi:
Detaylı Bibliyografya
Diğer Yazarlar: García Rodríguez, Virginia Andrés, comp (autor) (autor)
Materyal Türü: Kitap
Dil:İspanyolca
Konular:
Etiketler: Etiketle
Etiket eklenmemiş, İlk siz ekleyin!

MARC

LEADER 00000nam^a2200000^u^4500
001 000534453
005 20250521000000.0
008 161104s10001000^^^^cr^^r^^^^^000^0^spa^d
009 20260310130955.791
035 |a FCE 000078701 
037 |a Acervo ITESO - Biblioteca 
041 |a spa 
082 0 4 |a 363.70972  |b INTe 
245 0 0 |a Intervención educativa ambiental con sentido de transversalidad :  |b un insumo ineludible. 
264 |a México :  |b Secretaría de Medio Ambiente y Recursos Naturales : Centro de Educación y Capacitación para el Desarrollo Sustentable : Universidad Autónoma de Querétaro,  |c 2015. 
300 |a 159 p. : tablas. 
336 |a texto  |b txt  |2 rdacontenido 
337 |a sin mediación  |b n  |2 rdamedio 
338 |a volumen  |b nc  |2 rdasoporte 
596 |a En cubierta: Antología. Intervención educativa ambiental con sentido de transversalidad :un insumo ineludible. 
649 |a XX 
650 |a Educación ambiental 
650 |a Sustentabilidad 
650 |a México 
700 |a García Rodríguez, Virginia Andrés, comp  |e (autor) 
910 |a Fondo Centro de Estudios Educativos 
920 |a Impresos - Libros 
930 |a Fondos Especiales 
905 |a 133 
901 |a ALE075214  |b IT2  |c CEE  |u 20250521 
902 |a https://opac.biblio.iteso.mx/vufind/Record/000534453